El uso ingenioso de la ideología en Costa Rica /
Guardado en:
| 主要作者: | |
|---|---|
| 格式: | 未知 |
| 語言: | Spanish |
| 出版: |
San José, Costa Rica :
Editorial de la Universidad Estatal a Distancia,
1992.
|
| 主題: | |
| 標簽: |
添加標簽
沒有標簽, 成為第一個標記此記錄!
|
MARC
| LEADER | 000000000a22000000004500 | ||
|---|---|---|---|
| 001 | 003630 | ||
| 020 | |a 997764666X | ||
| 041 | 0 | |a spa | |
| 082 | 0 | 4 | |a 972.860.51 |b F529u |
| 100 | 1 | |a Fischel Volio, Astrid | |
| 245 | 1 | 3 | |a El uso ingenioso de la ideología en Costa Rica / |c Astrid Fischel Volio. |
| 260 | 1 | |a San José, Costa Rica : |b Editorial de la Universidad Estatal a Distancia, |c 1992. | |
| 300 | |a 328 páginas ; |c 21 cm. | ||
| 650 | 4 | |a COSTA RICA | |
| 650 | 4 | |a HISTORIA | |
| 650 | 4 | |a SIGLO XX | |
| 650 | 4 | |a EDUCACION | |
| 999 | |c 10107 |d 10107 | ||
| 942 | |c BK |h 972.860.51 F529u |2 z | ||



